LEADER 01193nam a2200301 i 4500 001 000000124132 003 CaOOAMICUS 005 20040312000000.0 008 040312s1989 it u000 u ita u 013 $a96829 020 $a88-18-91018-3 040 $aSeMil$bita 100 1 $aLucie-Smith, Edward.$0(OLS)http://semarc/name/22657 240 10$aMovements in art since 1945.$0(OLS)http://semarc/title/182629 245 10$aArte contemporanea :$bdal 1945 ad oggi /$cEdward Lucie-Smith. 260 $aMilano :$bRusconi,$c1989. 300 $a288 p. :$briccamente ill. ;$c21 cm. 490 0 $aRusconi Arte 500 $aDalla Biblioteca del Card. Giovanni Colombo. 650 4$aArte contemporanea.$0(OLS)http://semarc/subject/1405 830 0$aRusconi Arte.$0(OLS)http://semarc/title/14775 850 $aSeMil 852 $aSeMil$W1$xVenegono$y1$m5Q I 86$j78748$B78748$CSeMilBibl$Z2$F80902 $81 941 1 $a3 961 $aOmaggio: Colombo Card. Giovanni 996 $6020$a88-18-91018-3$9(OLS)http://semarc/number/109836 996 $6245$aArte contemporanea :$bdal 1945 ad oggi$9(OLS)http://semarc/title/182628 996 $6260$aMilano :$bRusconi$9(OLS)http://semarc/publisher/30258 LEADER 00958nam a2200241 i 4500 001 000000126678 003 CaOOAMICUS 005 20060111000000.0 008 060111s1992 it u000 u ita u 013 $a99386 040 $aSeMil$bita 100 1 $aDi Nola, Gerardo <1949- >.$0(OLS)http://semarc/name/1478 245 13$aLa dialettica in Giambattista Vico /$cGerardo Di Nola. 260 $aCastellammare di Stabia :$bEidos,$c1992. 300 $a142 p. ;$c24 cm. 500 $aContiene : Bibliografia. - Fondo Card. C.M. Martini. 600 14$aVico, Giambattista <1668-1744>.$0(OLS)http://semarc/subject/1153 850 $aSeMil 852 $aSeMil$W1$xVenegono$y1$m2P II 628$j81036$B81036$CSeMilBibl$Z2$F108813 $81 941 1 $a4 961 $aOmaggio: Martini Card. Carlo Maria 996 $6245$aLa dialettica in Giambattista Vico$9(OLS)http://semarc/title/186830 996 $6260$aCastellammare di Stabia :$bEidos$9(OLS)http://semarc/publisher/42505